Statistics for Ring of Capitals Puzzle #1

Click here to take the quiz!

General Stats

  • This quiz has been taken 159 times
  • The average score is 10 of 16

Answer Stats

Answer% Correct
Algiers
81%
Havana
70%
Hanoi
65%
Phnom Penh
65%
Tallinn
64%
Belmopan
63%
Abuja
62%
Harare
62%
Belgrade
59%
Abu Dhabi
58%
Berlin
58%
Taipei
56%
Tashkent
53%
Beirut
52%
Bern
50%
Beijing
46%

Score Distribution

Percentile by Number Answered

Percent of People with Each Score

Your Score History

You have not taken this quiz